000 00655nam a2200193 i 4500
001 178969
003 ES-MaACL
005 20250701220538.0
008 110816s1903 fr |||| | fre d
100 1 _aVandervelde, Émile.
_9113067
245 1 2 _aL'exode rural et le retour aux champs /
_cpar Emile Vandervelde.
260 _aParis :
_bFélix Alcan,
_c1903.
300 _a304 p. ;
_c22 cm.
490 1 _aBibliothèque générale des sciences sociales ;
_v16
650 4 _aÉxodo rural-
_zFrancia.
_9147615
830 0 0 _aBibliothèque générale des sciences sociales
_v16
_9187778
852 _aES-MaACL
_jC-23096
999 _c178969
_d178969